50 Minnesota Cities by Picture - Statistics

General Stats
  • This quiz has been taken 20 times
  • The average score is 11 of 50
Answer Stats
Picture Answer % Correct
Minneapolis
100%
St. Paul
100%
Duluth
94%
Rochester
81%
Bloomington
38%
St. Cloud
38%
Brainerd
31%
Edina
31%
Richfield
31%
Stillwater
31%
Virginia
31%
Bemidji
25%
Ely
25%
Fergus Falls
25%
Grand Marais
25%
Hibbing
25%
Mankato
25%
Two Harbors
25%
Anoka
19%
Hastings
19%
Hopkins
19%
Wayzata
19%
Winona
19%
Alexandria
13%
Austin
13%
Elk River
13%
Excelsior
13%
Falcon Heights
13%
Farmington
13%
International Falls
13%
Lutsen
13%
Moorhead
13%
Northfield
13%
Owatonna
13%
Red Wing
13%
St. Louis Park
13%
White Bear Lake
13%
Albert Lea
6%
Burnsville
6%
Detroit Lakes
6%
Fairmont
6%
Faribault
6%
Forest Lake
6%
Granite Falls
6%
Hutchinson
6%
Mendota Heights
6%
New Ulm
6%
Thief River Falls
6%
Watertown
6%
Pipestone
0%
No matching quizzes found
Score Distribution
Percent of People with Each Score
Percentile by Number Answered
Your Score History
You have not taken this quiz